Online Catalogue and eLibrary

Family Relationship : (Record no. 319)

MARC details
000 -LEADER
fixed length control field 00429nam a22001577a 4500
005 - DATE AND TIME OF LATEST TRANSACTION
control field 20240206062703.0
008 - FIXED-LENGTH DATA ELEMENTS--GENERAL INFORMATION
fixed length control field 240206b |||||||| |||| 00| 0 eng d
020 ## - INTERNATIONAL STANDARD BOOK NUMBER
ISBN 9789559757764
082 ## - DDC Classification
DDC Edition Number 22
Class No. 306.
Item Number - Author Mark FAM
100 ## - MAIN ENTRY--PERSONAL NAME
Personal name Vaitheeswaran , k
245 ## - TITLE STATEMENT
Title Family Relationship :
Remainder of title Guide for prosperous life /
Statement of responsibility, etc. Vaitheeswaran.
260 ## - PUBLICATION, DISTRIBUTION, ETC.
Place of publication, distribution, etc. Colombo ;
Name of publisher, distributor, etc. Rani publication,
Date of publication, distribution, etc. 2008.
300 ## - PHYSICAL DESCRIPTION
Extent (e.g. Volumes, Pages etc.) 120 p.,
650 ## - SUBJECT ADDED ENTRY--TOPICAL TERM
Topical term or geographic name entry element Healthy
942 ## - Koha item type (Biblio)
Koha item type Books in Stacks (Lending)
Holdings
Lost status Damaged status Collection code Home library Current library Date acquired Full call number Accession Number Item type
    Lending WERC Library WERC Library 02/06/2024 306. FAM 6842 Books in Stacks (Lending)

© WERC Library